00793nam a2200145Ia 4500008004100000020001800041245011600059260002200175440003600197650001700233650026000250856004500510999001900555952007300574171212s9999 xx 000 0 und d a9780731521326 ceditor Bellwood, Peter;Fox, James J.;Tryon, DarrellaThe AustronesiansbHistorical and Comparative Perspectives bANU E Pressc2006 aComparative Austronesian Series aAnthropology aAnthropology/Archaeology -- Islands of the Pacific; Anthropology/Archaeology -- Asia, Southeastern; Anthropology/Archaeology -- Madagascar; Austronesian languages; Islands of the Pacific -- History; Islands of the Pacific -- Social life and customs; Asia, uwww.jstor.org/stable/10.2307/j.ctt2jbjx1 c351344d351344 001040aCLbCLd2017-12-12l0r2017-12-12 00:00:00w2017-12-12yCBE